Sports Quiz

Random Sports or NHL Quiz

Starting goalies in the NHL 2012 Quiz Stats

 Plays Quiz not verified by Sporcle

Support Sporcle.
Go Orange.
Score 0/30 Timer 08:00
0 Plays Today
% Correct
Tim Thomas
93.5%
Craig Anderson
93.5%
Henrik Lundqvist
93.5%
Marc-Andre Fleury
90.3%
Jimmy Howard
90.3%
Roberto Luongo
90.3%
Pekka Rinne
87.1%
Jonathan Quick
87.1%
Carey Price
83.9%
Ilya Bryzgalov
83.9%
Evgeni Nabokov
83.9%
Martin Brodeur
83.9%
Cam Ward
83.9%
Mikka Kiprusoff
83.9%
Semyon Varlamov
83.9%
% Correct
Mike Smith
80.6%
Ryan Miller
80.6%
Corey Crawford
80.6%
Steve Mason
80.6%
Anti Niemi
77.4%
Jonas Hiller
77.4%
Nicklas Backstrom
77.4%
James Reimer
74.2%
Braden Holtby
74.2%
Nikolai Khabibulin
74.2%
Brian Elliott
71%
Kari Lehtonen
67.7%
Jose Theodore
61.3%
Ondrej Pavelec
61.3%
Mathieu Garon
41.9%

You're not logged in!

Compare scores with friends on all Sporcle quizzes.
OR
Log In

From the Vault

MLB Teammates By Games Played

by DJC83

After thousands of games together, these baseball players might be legally married.
Remove Ads.
Support Sporcle.
Get the best of Sporcle when you Go Orange. This ad-free experience offers more features, more stats, and more fun while also helping to support Sporcle. Thank you for becoming a member.

Show Comments

Extras

Created Feb 6, 2013ReportNominate
Tags:NHL Quiz, 2012, goal, Starting

Top Quizzes Today


Score Distribution

Your Account Isn't Verified!

In order to create a playlist on Sporcle, you need to verify the email address you used during registration. Go to your Sporcle Settings to finish the process.

Report this User

Report this user for behavior that violates our Community Guidelines.

Details: